| 000 | 00529nam a2200181Ia 4500 | ||
|---|---|---|---|
| 005 | 20250423100958.0 | ||
| 008 | 250422s9999 xx 000 0 und d | ||
| 020 | _a9789784845762 | ||
| 050 | _aPS 3563.A3133 .U86/ | ||
| 100 | _aUsman, Halima M. | ||
| 245 | 0 | _aSpellbound | |
| 260 | _aIbadan, Nigeria | ||
| 260 | _bKraft books limited | ||
| 260 | _c2008 | ||
| 300 | _a96 p | ||
| 650 | _aMcKain, David W.--Childhood and youth. Poets, American--20th century--Biography. Pennsylvania--Social life and customs. | ||
| 942 | _cBK | ||
| 999 |
_c34923 _d34923 |
||